<?xml version="1.0" encoding="UTF-8"?>
<collection xmlns:xsi="http://www.w3.org/2001/XMLSchema-instance" xsi:schemaLocation="http://www.loc.gov/MARC21/slim http://www.loc.gov/standards/marcxml/schema/MARC21slim.xsd" xmlns="http://www.loc.gov/MARC21/slim">
 <record>
  <leader>00000cam a22000004i 4500</leader>
  <controlfield tag="001">UP-99796217610472568</controlfield>
  <controlfield tag="003">Buklod</controlfield>
  <controlfield tag="005">20120906103234.0</controlfield>
  <controlfield tag="006">m    |q  d |      </controlfield>
  <controlfield tag="007">ta</controlfield>
  <controlfield tag="008">800107s1960    dcua    r    |000 0|eng d</controlfield>
  <datafield tag="035" ind1=" " ind2=" ">
   <subfield code="a">(iLib)UPD-00191505003</subfield>
  </datafield>
  <datafield tag="040" ind1=" " ind2=" ">
   <subfield code="a">na</subfield>
   <subfield code="c">na</subfield>
   <subfield code="d">CU-IT</subfield>
   <subfield code="d">NCTSLIBRARY</subfield>
  </datafield>
  <datafield tag="110" ind1="2" ind2=" ">
   <subfield code="a">National Research Council (U.S.).</subfield>
   <subfield code="b">Highway Research Board.</subfield>
  </datafield>
  <datafield tag="245" ind1="1" ind2="0">
   <subfield code="a">Non-destructive dynamic testing of soils and highway pavements</subfield>
   <subfield code="b">presented at the 39th annual meeting, January 11-15, 1960.</subfield>
  </datafield>
  <datafield tag="264" ind1=" " ind2="1">
   <subfield code="a">Washington</subfield>
   <subfield code="b">National Academy of Sciences - National Research Council</subfield>
   <subfield code="c">1960.</subfield>
  </datafield>
  <datafield tag="300" ind1=" " ind2=" ">
   <subfield code="a">74 p.</subfield>
   <subfield code="b">ill.</subfield>
   <subfield code="c">25 cm.</subfield>
  </datafield>
  <datafield tag="490" ind1="1" ind2=" ">
   <subfield code="a">Bulletin</subfield>
   <subfield code="v">277.</subfield>
  </datafield>
  <datafield tag="500" ind1=" " ind2=" ">
   <subfield code="a">National Research Council. Publication 815.</subfield>
  </datafield>
  <datafield tag="650" ind1=" " ind2="0">
   <subfield code="a">Pavements</subfield>
   <subfield code="x">Testing.</subfield>
  </datafield>
  <datafield tag="650" ind1=" " ind2="0">
   <subfield code="a">Soils</subfield>
   <subfield code="x">Testing.</subfield>
  </datafield>
  <datafield tag="830" ind1=" " ind2="0">
   <subfield code="a">Publication (National Research Council (U.S.))</subfield>
   <subfield code="v">815.</subfield>
  </datafield>
  <datafield tag="830" ind1=" " ind2="0">
   <subfield code="a">Bulletin (National Research Council (U.S.). Highway Research Board)</subfield>
   <subfield code="v">277.</subfield>
  </datafield>
  <datafield tag="852" ind1="0" ind2=" ">
   <subfield code="a">UPD</subfield>
   <subfield code="b">NCTS</subfield>
  </datafield>
  <datafield tag="942" ind1=" " ind2=" ">
   <subfield code="a">Book</subfield>
  </datafield>
 </record>
</collection>
